000 00935nam a22002417a 4500
999 _c17177
_d17177
003 AR-CdUCM
008 190507b ||||| |||| 00| 0 spa d
040 _aMUNICIPALIDAD PROVINCIAL DEL CUSCO
_cBIBLIOTECA MUNICIPAL DEL CUSCO
082 _22ed.
_a659.14 /
_bB18
100 _aBallón, Eduardo
_937040
245 _aLa publicidad :
_bporquemegustapues /
260 _aLima :
_bDESCO,
_c1976.
300 _a148 páginas ;
_c18 cm.
440 _aSerie Praxis.
_937041
505 _aContenido: Yo me llamo Bimbo ¿y usted? -- La publicidad una nueva ciencia burguesa -- Como se vende un angelito -- El puente entre un champu y el sistema -- La publicidad, hija predilecta de la industria ...
650 _aPublicidad
_923533
650 _aLa estética
_913800
650 _aLa dictadura
_937042
700 _aBartet, Leyla
_937043
700 _aPeirano, Luis ... (coautor)
_937044
942 _2ddc
_cLIBROS
945 _aachl
_d2019-05-07